| 000 | 00550nam a22002057a 4500 | ||
|---|---|---|---|
| 005 | 20260429145016.0 | ||
| 008 | 260429b |||||||| |||| 00| 0 eng d | ||
| 020 |
_a9789371391054 _qpbk |
||
| 082 |
_a294.5921 _bPRA |
||
| 100 | _aPrakash, Shakti | ||
| 245 | _aThe man towards the Moksha | ||
| 260 |
_aNew Delhi _bBluerose Publishers _c2022 |
||
| 300 | _a99p. ; 20cm. | ||
| 653 | _aReligious fiction | ||
| 653 | _aNovel | ||
| 653 | _aMortal Soul | ||
| 653 | _aAncient Indian Philosophy | ||
| 700 | _aRana, Amrita [ill.] | ||
| 942 |
_2ddc _cBK |
||
| 999 |
_c53158 _d53158 |
||